Statistiques concernant Tous les 11 The Best FIFA

Cliquez ici pour prendre le quiz!

Statistiques générales

  • Ce quiz a été pris 822 fois
    (90 depuis la dernière actualisation)
  • Le résultat moyen est 83 sur 88

Statistiques - réponses

PostePaysJoueur% Correct
ATTPortugalCristiano Ronaldo
100%
ATTPortgualCristiano Ronaldo
100%
ATTPortugalCristiano Ronaldo
100%
ATTPortugalCristiano Ronaldo
100%
ATTPortugalCristiano Ronaldo
100%
ATTPortugalCristiano Ronaldo
100%
ATTFranceKylian Mbappé
100%
ATTFranceKylian Mbappé
100%
ATTFranceKylian Mbappé
100%
ATTFranceKylian Mbappé
100%
ATTArgentineLionel Messi
100%
ATTArgentineLionel Messi
100%
ATTArgentineLionel Messi
100%
ATTArgentineLionel Messi
100%
ATTArgentineLionel Messi
100%
ATTArgentineLionel Messi
100%
ATTArgentineLionel Messi
100%
ATTArgentineLionel Messi
100%
ATTNorvègeErling Haaland
99%
ATTNorvègeErling Haaland
99%
ATTNorvègeErling Haaland
99%
GItalieGianluigi Buffon
99%
MILBelgiqueKevin De Bruyne
99%
MILBelgiqueKevin De Bruyne
99%
MILBelgiqueKevin De Bruyne
99%
MILBelgiqueKevin De Bruyne
99%
MILCroatieLuka Modric
99%
MILCroatieLuka Modric
99%
MILCroatieLuka Modric
99%
MILCroatieLuka Modric
99%
MILCroatieLuka Modric
99%
GAllemagneManuel Neuer
99%
GBelgiqueThibaut Courtois
99%
GBelgiqueThibaut Courtois
99%
ATTBrésilNeymar Jr
98%
ATTPologneRobert Lewandowski
98%
ATTPologneRobert Lewandowski
98%
MILAllemagneToni Kroos
98%
MILAllemagneToni Kroos
98%
ATTBelgiqueEden Hazard
96%
ATTBelgiqueEden Hazard
96%
GItalieGianluigi Donnarumma
96%
MILFranceN'Golo Kanté
96%
MILFranceN'Golo Kanté
96%
DEFEspagneSergio Ramos
96%
DEFEspagneSergio Ramos
96%
DEFEspagneSergio Ramos
96%
DEFEspagneSergio Ramos
96%
DEFEspagneSergio Ramos
96%
DEFPays-BasVirgil van Dijk
96%
DEFPays-BasVirgil van Dijk
96%
DEFPays-BasVirgil van Dijk
96%
GBrésilAlisson
95%
GBrésilAlisson
95%
MILEspagneAndrés Iniesta
95%
MILEspagneAndrés Iniesta
95%
ATTUruguayLuis Suarez
95%
DEFBrésilMarcelo
95%
DEFBrésilMarcelo
95%
DEFBrésilMarcelo
95%
DEFFranceRaphaël Varane
95%
DEFMarocAchraf Hakimi
94%
MILPortugalBernardo Silva
93%
DEFBrésilDani Alves
93%
DEFBrésilDani Alves
93%
DEFBrésilDani Alves
93%
DEFAutricheDavid Alaba
93%
ATTBrésilVinicius Júnior
93%
DEFCanadaAlphonso Davies
92%
DEFCanadaAlphonso Davies
92%
DEFItalieLeonardo Bonucci
92%
DEFItalieLeonardo Bonucci
92%
DEFPortugalRúben Dias
88%
DEFPortugalRuben Dias
88%
ATTFranceKarim Benzema
87%
DEFAngleterreKyle Walker
87%
GEspagneDavid De Gea
86%
MILPays-BasFrenkie de Jong
86%
DEFEspagneGerard Piqué
85%
DEFAngleterreJohn Stones
81%
MILBrésilCasemiro
76%
MILItalieJorginho
76%
DEFAngleterreTrent Alexander-Arnold
76%
MILAllemagneJoshua Kimmich
75%
MILAngleterreJude Bellingham
75%
DEFPays-BasMatthijs de Ligt
75%
DEFPortgualJoao Cancelo
73%
MILEspagneThiago Alcantara
64%

Distribution des résultats

Percentile par nombre de réponses

% des personnes avec chaque résultat

Votre développement - résultats

Vous n’avez pas pris ce quiz depuis la dernière actualisation